[Event "Excelsior Cup"]
[Site "Gothenburg"]
[Date "2004.01.11"]
[Round "4"]
[White "Hector, Jonny"]
[Black "Rogozenco, Dorian"]
[Result "0-1"]
[WhiteElo "2518"]
[BlackElo "2517"]
[Annotator "Rogozenco,D"]
[PlyCount "112"]
[EventDate "2004.01.06"]
[EventType "tourn"]
[EventRounds "9"]
[EventCountry "SWE"]
[EventCategory "9"]
[SourceTitle "CBM 099"]
[Source "ChessBase"]
[SourceDate "2004.03.30"]
[SourceVersion "1"]
[SourceVersionDate "2004.03.30"]
[SourceQuality "1"]

1. e4 c5 2. Nc3 Nc6 3. Nge2 {A new move order for my encounters with Jonny. We
used to get the position with 3.Nf3 before. Once I played 3...e5, the second
time 3...g6, aiming for the sharp Dragon. Both those games were played in
Hamburg (in 2002 and 2003) and ended in a draw.} Nf6 {Clearly showing
intentions that this time I'd rather play Sveshnikov SIcilian and not Dragon.}
4. d4 cxd4 5. Nxd4 e5 6. Ndb5 d6 7. Bg5 a6 8. Na3 b5 9. Bxf6 gxf6 10. Nd5 f5
11. c3 Bg7 12. exf5 Bxf5 13. Nc2 {All this was pretty confusing for me - Jonny
didn't use to play these main lines of the Sveshnikov before. So I suspected
he'll "catch" me somewhere, but this is rather a normal fate for devotees of a
certain system in Sicilian with Black.} O-O 14. Nce3 Be6 15. Bd3 f5 16. O-O {
Only around here I started to guess correctly what line he is aiming for.} Ra7
17. a4 Ne7 18. Nxe7+ Rxe7 19. axb5 axb5 20. Bxb5 (20. Bc2 d5 21. Bb3 f4 22.
Nxd5 Rd7 23. Nb4 Rxd1 24. Bxe6+ Kh8 25. Raxd1 Qe7 26. Bd5 e4 27. Rfe1 e3 28.
Bf3 Qc5 $1 {More precise than 28...Be5, what Leko played against Topalov in
2000.} 29. Re2 exf2+ 30. Kf1 Bf6 31. Nd3 Qg5 32. Nxf2 Rd8 {1/2-1/2 Golubev,
M-Rogozenko,D, Bundesliga 2003-2004. Black is at least not worse, but neither
is White...}) 20... d5 21. Ra6 {During the game I suddenly remembered that I
myself recommended this move to the comments of Svidler-Kramnik, 1999. I
sincerely thought that White has chances to get some small advantage here
after 21...f4 22.Rxe6, although Black should be able to reach a draw without
big difficulties.} (21. Nc2 Rb7 22. Bc6 Rxb2 23. Ra8 Qd6 24. Ra6 Qc5 25. Nb4
Qxc3 26. Bxd5 Qxb4 27. Bxe6+ {1/2-1/2 Svidler,P-Kramnik,V/Wijk aan Zee 1999})
21... Kh8 $1 {After some 20 minutes of thought, I decided that this is just
better than 21...f4. To my surprise, I had to find out after the game that
formally this move is not even a novelty, although the names of the players
from the below given two games say nothing to me.} (21... f4 $6 22. Rxe6 Rxe6
23. Qxd5 $14) 22. f4 {This seems to be the most logical move, even if Black
wins an exchange by force after that. Nevertheless, the position remains
complicated.} (22. Nc2 Qb8 23. Qe2 f4 24. f3 Bc8 25. Ra2 e4 26. Nb4 Bb7 $44 {
Cerqueira Filho,R-Dias,S correspondence game 2000.}) (22. Qh5 f4 23. Ng4 Qb8
24. Be2 Qxb2 $17 {Hodova,L-Priborsky,J/Plzen 2003.}) 22... d4 23. cxd4 exf4 24.
Rxf4 Bc8 {It took me a lot of time to realise that Black has nothing better
than the game continuation. With so many unprotected white pieces, that wasn't
so easy to figure out.} (24... Qb8 {[%cal Gb8b5,Gb8f4]} 25. Qf1 {The only move,
but enough to protect everything. This is valid for the next few moves as well.
} Bc8 {[%cal Ge7e3,Gc8a6]} 26. Ra3 {again he protects them all.} Re4 {[%cal
Gg7d4,Ge4f4]} 27. Rxe4 fxe4 {[%cal Gg7d4,Gf8f1]} 28. Qc4 $16) 25. Ra3 Bh6 26.
Rf3 f4 27. Nc2 Bg4 {The position is difficult to evaluate. White will have two
pawns for the exchange, so my task should be to create some initiative in
order to prevent White from advancing his passed pawns. I think chances are
about equal. However, my main concern was the time on the clock, since I have
spent a lot of it already.} 28. b4 Bxf3 29. Rxf3 Qb6 30. Qd3 Bg7 31. h3 Qd6 {
At this point I had less than 15 minutes left, so I offered a draw. My feeling
was that Black is at least not worse, but playing with little time in such a
position does not make me happy these days (eh.., la jeunesse, la jeunesse...).
While I was thinking whether I did the right thing or not (with more time I
would have certainly preferred to play on), Jonny suddenly replied very
quickly.} 32. d5 {His plan is to play Bc6 and push the b-pawn.} Ra7 33. Kh2 $2
{He obvioulsy misses Black's counterplay. Having considerably more time, he
should have rather reconsider the evaluation of the position and try to find a
constructive plan.} (33. Bc4 {was the correct move, after which Black is only
slightly better. I intended to continue 33...Rc8.}) 33... Ra2 $1 $17 {Starting
with this moment the game developed into one direction - Black constantly
improved his position, while White was not able to stop it.} 34. Qe4 Qe5 35.
Bd3 Qxe4 36. Bxe4 Re8 37. Bd3 Rd8 38. Be4 Re8 39. Bd3 Rb2 {Probably with very
accurate play White can still achieve a draw somehow, but of course there was
no point for me to repeat moves here. The time control was practically over,
so I could quietly continue the game. In the final part it's difficult to
suggest considerable improvements for White. Everywhere there are risks of
losing.} 40. Kg1 (40. h4 {I would have played this with White.}) 40... Be5 41.
Rf2 Bc7 $1 42. Rf1 Rc8 $1 43. Kf2 $2 Bd6 {Now Black is winning.} 44. Kf3 Rcxc2
45. Bxc2 Rxc2 46. Ra1 Rd2 47. Ra8+ Kg7 48. Ke4 Rxg2 49. Ra7+ Kf6 50. Ra6 Re2+
51. Kd3 Re3+ 52. Kd4 Ke7 53. Ra7+ Ke8 54. Rxh7 Be5+ 55. Kc5 f3 56. d6 Bxd6+ 0-1

[Event "Excelsior Cup"]
[Site "Gothenburg"]
[Date "2004.01.09"]
[Round "2"]
[White "Berg, Emanuel"]
[Black "Rogozenco, Dorian"]
[Result "1/2-1/2"]
[WhiteElo "2495"]
[BlackElo "2517"]
[Annotator "Rogozenco,D"]
[PlyCount "79"]
[EventDate "2004.01.06"]
[EventType "tourn"]
[EventRounds "9"]
[EventCountry "SWE"]
[EventCategory "9"]
[SourceTitle "CBM 099"]
[Source "ChessBase"]
[SourceDate "2004.03.30"]
[SourceVersion "1"]
[SourceVersionDate "2004.03.30"]
[SourceQuality "1"]

1. e4 c5 2. Nf3 Nc6 3. d4 cxd4 4. Nxd4 Nf6 5. Nc3 e6 6. Ndb5 d6 7. Bf4 e5 8.
Bg5 a6 9. Na3 b5 10. Bxf6 gxf6 11. Nd5 f5 12. g3 {An interesting system
against Sveshnikov, which Berg uses frequently. Black is doing okay in the
main lines, but I wanted to play something different in order to avoid all
those forced variations.} fxe4 13. Bg2 Bg7 (13... Bf5 14. f3 {This is
considered to be advantageous for White, although I am not completely sure
about that evaluation after 14...e3!}) 14. Bxe4 Rb8 $5 {A rare move, not even
mentioned in many theoretical sources.} (14... Be6 15. Qh5 Rc8 {is the main
line, with a lot of long variations.}) (14... O-O $2 15. Ne3 {followed by c3
and Qd3 or Qh5 is big positional advantage for White.}) 15. Qh5 {Forced,
otherwise Black simply castles and plays f5 with advantage. White's main idea
in this system is to delay Black's castle.} (15. c3 $2 O-O 16. Ne3 Ne7 {
followed by 17...f5.}) 15... Ne7 {The point of previous move. Black can keep
the bishop on c8 for a while and challenge the knight on d5 right away.} 16. c3
{A natural continuation, which probably 9 players out of 10 would make.
However, White has another very interesting idea, which was demonstrated by
Ivanchuk few months ago.} (16. Nxe7 $5 Qxe7 {Black's plan in such positions is
to prepare pushing either f5 or d5. Ivanchuk prevents it in a highly original
manner:} 17. Rd1 Be6 18. c3 Qd7 {Threatening Bg4.} 19. O-O $1 {A strong move,
which probably secures White a positional advantage. Black can take the
exchange, but White will have excellent positional compensation. For more
information see Ivanchuk-Van Wely, Rethymon 2003, CBM 98.}) 16... Nxd5 17. Bxd5
O-O {I was pretty happy about castling in this line. Doing it on move 17 is
indeed pretty quick here..} 18. Nc2 (18. O-O {More precise is to castle first,
in order to force Black to protect pawn f7 before playing Kh8. In that case
the position is slightly better for White, although very close to equal anyway.
}) 18... Kh8 $1 {Using little tactics, Black is able to play this move at once.
Now the position is equal.} 19. O-O (19. Bxf7 $2 Qf6 {and White loses. Here
the difference between 18.Nc2 and 18.0-0 is clearly seen.}) 19... f5 20. Rad1 (
{The move} 20. Nb4 {looks attractive, but defining knight's position at such
an early stage has its drawbacks as well. It is unclear whether White needs to
hurry with placing the knight on d5, since the bishop is also well placed
there.} Qc7 $11) 20... Rf6 {But now Black threatens to advance the f-pawn, so
Emanuel correctly prevented it.} (20... f4 $2 {It would be nice to play such a
move, but it is impossible for the moment:} 21. Be4 $1 {and amazingly (and
rather typically for such situations) White wins immediately.}) 21. f4 $1 {
The arising position represents a certain difficulty to play with both colours.
My initial plan to play Qf8 and eventually Rh6 brings nothing, that's why I
had to reconsider it.  Basically, both sides can do little if they play just
regroup the pieces and wait. On the other hand any active (and usually little
justified) plan would offer good counterchances for the opponent.} (21. Rd2 f4
{with good attacking chances.}) 21... Bd7 {Not a typical move for Sveshnikov
Sicilian, but in my opinion the most optimal plan for Black here.} 22. Qe2 Qc7
{From c7 the queen protects the queenside (from an eventual invasion of
White's queen in the future), frees the way for rook b8 to the kingside and
keeps an eye on the important square c5. The possibility to play Bc6 at some
moment (with white king on h1) might also prove important for Black.} 23. Qf2 (
23. Rd2 $11 {I expected more this one, but placing the queen on the diagonal
a7-g1 also looks natural. Emanuel obviously didn't want to play a move like
Kh1 without being forced to do that.}) 23... a5 24. a3 Rg6 {An important
consideration in such positions is that White should usually take on f4 with
the pawn (obviously in reply to e5xf4). Taking with a piece would give Black a
nice square e5 for the bishop.} (24... exf4 $2 25. gxf4 $16) 25. Kh1 (25. Bf7 {
brings White nothing:} Rh6 {followed by Rf8.}) (25. Rd2 $6 exf4 $1 26. Qxf4 Be5
$15) 25... Rf8 {Here I finally discovered an attractive plan to complicate
things: to push the h-pawn. But first I need to bring all my pieces to the
kingside.} 26. Bg2 {This move confused me, because it suddenly offered new
tactical possibilities, which were not easy to calculate in the approaching
time-trouble.} ({After the most natural} 26. Ne3 {I planned:} h5 27. Bf3 {
probably the position is still about equal, but Black has some initiative.
However, White shouldn't have any troubles:} Rh6 (27... h4 28. gxh4 $1) (27...
Bc6 $5) 28. Nd5 Qd8 29. Qb6 $1 $11) 26... exf4 {Very tempting, because taking
back with the pawn now looks risky for White.} (26... h5 $5 {Maybe I should
have played my original plan, since it could lead to a more complicated battle.
Objectively the game continuation is better, though.}) 27. Qxf4 (27. gxf4 Rxg2
$1 28. Qxg2 (28. Kxg2 Bc6+ 29. Kh3 Rf6 $19) 28... Bc6 29. Rf3 (29. Rd5 Qb7 30.
Rfd1 Bh6 $17) 29... Qb7 30. Rdd3 Re8 {Maybe White can hold it, but it's
certainly not his dream to calculate such a position.}) 27... Be5 28. Qd2 f4 {
This move took me some more precious minutes.} 29. Nd4 $1 {Emanuel choses the
safest way, which in simportant in time trouble (he had some 5 minutes left,
while I had about 6, I believe).} (29. Ne3 fxe3 $1 30. Rxf8+ Kg7 $19) (29. gxf4
Rxg2 {again the same idea. Another proof in Sveshnikov Sicilian White can
never feel very safe.} 30. Qxg2 Bc6 31. Rd5 ({or} 31. Rf3 Rxf4) 31... Qb7 {
and again White will need a lot of time before feeling safe again.}) 29... Rgf6
(29... Rfg8 30. Rxf4 $5 Bxf4 31. Qxf4 $44) 30. Nf3 Bg4 (30... fxg3 31. Nxe5
Rxf1+ 32. Rxf1 Rxf1+ 33. Bxf1 dxe5 34. hxg3 $11) 31. Rde1 $1 Bxf3 32. Rxf3 fxg3
{My hopes vanished after his next move.} 33. Ref1 $1 {Only here everything
suddenly became clear to me - I can win some pawns, but he will trade both
rooks and soon the queens after that. My extra pawns will be worth absolutely
nothing with opposite coloured bishops (the absence of rooks will be the main
problem for Black). White's possibility to trade both rooks without worsening
the position somehow came as a surprise.} (33. Rxf6 {is wrong:} Rxf6 34. hxg3
Qg7 {and the position is unpleasant for White to defend, although objectively
he must be able to do so.}) 33... Rxf3 34. Rxf3 Rxf3 35. Bxf3 gxh2 {Maybe I
had better tries than taking such a pawn, but without rooks White achieves a
draw in all variations.} 36. Qd5 Qc5 37. Qxc5 dxc5 38. Bc6 b4 39. axb4 axb4 40.
cxb4 1/2-1/2

[Event "Moscow Aeroflot op-A"]
[Site "Moscow"]
[Date "2005.02.21"]
[Round "7"]
[White "Ivanchuk, Vassily"]
[Black "Ni, Hua"]
[Result "1-0"]
[WhiteElo "2711"]
[BlackElo "2625"]
[Annotator "Rogozenco,D"]
[PlyCount "65"]
[EventDate "2005.02.15"]
[EventType "swiss"]
[EventRounds "9"]
[EventCountry "RUS"]
[SourceTitle "CBM 106"]
[Source "ChessBase"]
[SourceDate "2005.06.06"]
[SourceVersion "1"]
[SourceVersionDate "2005.06.06"]
[SourceQuality "1"]

1. e4 c5 2. Nf3 Nc6 3. d4 cxd4 4. Nxd4 Nf6 5. Nc3 e5 6. Ndb5 d6 7. Bg5 a6 8.
Na3 b5 9. Nd5 Qa5+ 10. Bd2 Qd8 11. Bd3 (11. Nxf6+) (11. c4) 11... Nxd5 12. exd5
Ne7 13. c4 g6 (13... bxc4 $2 14. Nxc4 $16) 14. cxb5 Bg7 15. O-O {A better pawn
structure and open files for his pieces provide Black with sufficient
compensation for the pawn.} (15. bxa6 O-O 16. Nb5 Bxa6 (16... Nxd5 17. O-O (17.
Be4 Bxa6 $1 18. Bxd5 Bxb5 19. a4 Ba6 20. Bxa8 Qxa8 $44) 17... Bxa6 18. Qb3 Nf4
19. Bxf4 exf4 20. Rfd1 Rb8 21. a4 Be5 $13 (21... f3 22. g3) (21... Qf6 22. Rab1
h5 23. Qa3 Bb7 24. Nxd6 Ba8 $16 {1-0 Lanka,Z-Huschenbeth,N/Hamburg 2005 (33)}))
17. a4 Rc8 18. O-O Nxd5 19. Qb3 Nf4 20. Rfd1 Nxd3 21. Qxd3 Qh4 22. Qxd6 Bb7 23.
Qb6 Ba8 24. h3 Rc2 25. Qe3 Rxb2 26. Nc7 Bb7 27. a5 f5 28. a6 f4 29. Qc5 Bxg2
30. Kxg2 f3+ 31. Kh2 Rc2 32. Qb6 e4 33. Be3 Rxf2+ $1 (33... Be5+ $2 34. Kg1
Bxc7 $2 35. Qe6+ Rf7 36. Rd7 $18 {1-0 Polgar,J-San Segundo Carrillo,P/Madrid
1994 (38)}) 34. Bxf2 Be5+ 35. Kg1 Qg5+ 36. Kf1 Qg2+ 37. Ke1 Bc3+ 38. Rd2 Qh1+
39. Bg1 f2+ 40. Qxf2 Rxf2 $19) 15... O-O 16. Bb4 $146 {Ivanchuk correctly
wants to organize pressure on d6. White must not let Black to develop freely
his initiative.} (16. Bc4 $6 f5 (16... e4 $5) 17. Qe2 (17. Bg5 h6) 17... f4 18.
f3 Nf5 19. Nc2 $2 Ng3 $1 20. hxg3 fxg3 $19 {Korneev-Sriram/Ubeda 2001}) 16...
a5 (16... f5 $2 17. Nc4 Nxd5 18. Nxd6 $1 (18. Bxd6 Re8 $13) 18... Be6 (18...
Nxb4 $2 19. Bc4+ $18) 19. Bc4 Nf4 20. Bxe6+ Nxe6 21. Qd5 $16) ({Serious
attention deserved} 16... Nxd5 17. Be4 Nxb4 18. Bxa8 d5 $44 {[%csl Ra8][%cal
Gc8e6]}) 17. Bc3 Nxd5 ({According to M.Notkin correct was} 17... f5 {"though
with the bishops on c3 and d3 White is much better equipped to meet the plan
carried out by Sriram (see 16.Bc4 - DR) since f5-f4 gives the e4 square to the
light-squared bishop while after e5-e4 the dark squares in the Black's camp
would be weakened. Nevertheless Black has useful moves at his disposal (Bb7,
Rf7, Rc8) and the central advance can wait until an opportune moment as White
needs time to regroup for active operations" (M. Notkin) Everything is right,
only that I believe that 17...Nxd5 also offers Black enough possibilities for
counterplay.}) 18. Qf3 (18. Be4 Nxc3 19. bxc3 Rb8 $13) 18... Nb6 $2 {Black
wants to advance the d-pawn, but unfortunately for him the concrete play
favors White.} (18... Be6 19. Be4 Nxc3 20. Bxa8 Qxa8 (20... Nxa2 $5 21. Bd5
Bxd5 22. Qxd5 Nb4 $44) 21. Qxc3 (21. Qxa8 $4 Ne2+) 21... d5 $44) (18... Bb7 $5
19. Be4 Nxc3 20. Bxb7 e4 21. Qe3 (21. Bxe4 $2 Nxe4 22. Qxe4 Bxb2 $19) 21... Rb8
22. bxc3 Rxb7 23. Qxe4 (23. Rad1 Re8 $1 ({Better than} 23... d5 24. c4 Rd7 25.
c5 $16 {(M.Notkin)}) 24. c4 Qc7 $13 {[%csl Ra3]} 25. Rd5 f5 26. Rfd1 Be5 $44)
23... d5 24. Qf3 Qe7 (24... Qd6 25. Nc4 $1) (24... Rc7 $5 25. Rac1 Qd6 26. Nb1
Rb8 27. a4 Rc4 28. Rfd1 Rd8 $132) 25. Qxd5 (25. Nc2 Rxb5) 25... Rfb8 $44 {
[%cal Gg7f8]}) 19. Nc4 $1 (19. Be4 $2 d5 $17) 19... Be6 (19... Nxc4 20. Qxa8
$18) 20. Bxa5 $1 (20. Nxb6 $2 Qxb6 $17) 20... Bxc4 ({Probably Black should
have tried his chances in the following variation:} 20... Rxa5 21. Nxa5 d5 {
although after} 22. Nc6 {White has good pieces and Black's compensation is not
sufficient.}) (20... e4 $5 21. Bxe4 $1 (21. Bxb6 exf3 22. Bxd8 Rfxd8 {with
some compensation}) (21. Qxe4 $2 Bxc4 22. Bxb6 Bxd3 $19) 21... Bxc4 22. Bxb6 (
22. Bxa8 Qxa8 23. Bxb6 Qxf3 24. gxf3 Bxf1 25. Rxf1 Rb8 (25... Bxb2 26. Bc7 $18)
26. Bc7 Rxb5 27. b3 $16)) 21. Bxb6 Qxb6 22. Bxc4 {A pawn up and a better
bishop secures White a huge advantage. Ivanchuk easily converts it into a full
point.} Rac8 23. Qb3 e4 24. a4 Bd4 (24... Qa5 25. b6 $140 $2 (25. Bd5 $1 $18)
25... Rc6 $1) 25. a5 Qc5 26. Bd5 $18 Rce8 27. Qc4 Qxc4 28. Bxc4 Re5 29. b6 Rc5
30. Ra4 d5 31. Be2 Be5 32. a6 Rc2 33. a7 1-0

[Event "Sanjin Hotel Cup"]
[Site "Taiyuan"]
[Date "2004.07.23"]
[Round "6"]
[White "Short, Nigel D"]
[Black "Lautier, Joel"]
[Result "1/2-1/2"]
[WhiteElo "2684"]
[BlackElo "2666"]
[Annotator "Rogozenco,D"]
[PlyCount "65"]
[EventDate "2004.07.17"]
[EventType "tourn"]
[EventRounds "9"]
[EventCountry "CHN"]
[EventCategory "16"]
[SourceTitle "CBM 102"]
[Source "ChessBase"]
[SourceDate "2004.09.23"]
[SourceVersion "1"]
[SourceVersionDate "2004.09.23"]
[SourceQuality "1"]

1. e4 c5 2. Nf3 Nc6 3. d4 cxd4 4. Nxd4 Nf6 5. Nc3 e5 6. Ndb5 d6 7. Bg5 a6 8.
Na3 b5 9. Bxf6 gxf6 10. Nd5 Bg7 11. Bd3 Ne7 12. Nxe7 Qxe7 13. c4 f5 14. O-O O-O
15. Qf3 d5 16. cxd5 fxe4 17. Bxe4 Rb8 {White tried various ways here, but the
recent practice shows that everywhere Black has compensation for the pawn. He
needs to play very precise, though.} 18. Rac1 $146 {Short tries a new move,
exploiting a well-known idea of exchange sacrifice in order to take control of
the light squares.} (18. Rad1 Rb6 $1 (18... f5 19. d6) (18... Qd7 19. d6 Rb6
20. Qc3 Rxd6 21. Bf5 $1 $14)) (18. Bf5 Qf6 $1) (18. Rfd1 Qd7 $1 (18... Rb6 19.
Rac1 $14)) 18... Qd7 (18... Rb6 $6 19. Bxh7+ $1 (19. Rc6 Rxc6 20. dxc6 f5 21.
Bd5+ Kh8 $44) 19... Kxh7 (19... Kh8 20. Bb1 $16 {[%cal Gc1c6]}) 20. Rxc8 Rxc8
21. Qh3+ Rh6 22. Qxc8 $16) ({Deserved attention} 18... f5 19. Rxc8 Rbxc8 20.
Bxf5 Qg5 (20... Kh8 $2 21. Qh3 $16) 21. Be6+ Kh8 $13 {with the knight in the
center White would have had clear advantage, but with the knight on a3 the
situation is not entirely clear.}) 19. Rxc8 {The intention behind 18.Rac1.} (
19. Rfd1 f5 {is okay for Black.}) 19... Qxc8 (19... Rbxc8 20. Bf5 Qb7 (20...
Qd6 $2 21. Qh3 $18) 21. Bxc8 Rxc8 (21... Qxc8 22. Qb3 $14) 22. Rd1 $14) 20. Bf5
Qc5 21. Nc2 {White has good positional compensation for the exchange. If he
will consolidate (Ne3, Be4), this compensation will secure advantage.} e4 $5 {
Rightly seeking counterplay and avoiding a blockade on the light squares.} 22.
Qxe4 (22. Bxe4 Rfe8 $13 (22... f5 $6 23. Bxf5)) 22... Rfe8 23. Bxh7+ Kf8 (23...
Kh8 $5 {[%cal Gb8b6]}) 24. Qf3 $13 {/+/=} Bxb2 {White needs to retreat the
bishop from h7, to put the knight on f5 and then play d6. But there is no time
to achieve it all.} 25. Ne3 Qd4 (25... Rbd8 26. Qg4 Bg7 27. Nf5 Qc3 28. h4 (28.
d6 Re1) 28... Rxd5 29. h5 Rxf5 $11) 26. Nf5 Qh8 27. Qh3 Rbd8 28. d6 {[%csl Rh7]
} Re6 29. g3 Bg7 30. Qh4 Bf6 31. Qh5 Bg7 32. Qh4 ({Short could try to play on
with} 32. Rc1 $5 Bh6 33. Qh4 Qf6 34. Qxf6 Rxf6 35. Rc6 {and White's pieces are
quite stable, in spite of fact that the bishop is rather strangely placed on
h7.}) 32... Bf6 33. Qh5 {I suspect that other White players will be willing to
try 18.Rac1 as well.} 1/2-1/2